[Event "ESP-ch Rapid 2018"]
[Site "Linares"]
[Date "2018.08.19"]
[Round "6"]
[White "Santos Ruiz, Miguel"]
[Black "Moreno Trujillo, Alejandro"]
[Result "1/2-1/2"]
[WhiteElo "2517"]
[BlackElo "2497"]
[Annotator "TA"]
[PlyCount "71"]
[EventDate "2018.08.19"]
[EventType "team-tourn"]
[EventCountry "ESP"]
[SourceTitle "playchess.com"]
[Source "ChessBase"]
[SourceQuality "1"]

{[%evp 20,71,39,37,52,37,62,34,35,37,37,18,23,16,20,12,15,3,18,-20,18,20,31,10,5,0,37,39,41,46,33,16,16,18,15,0,0,0,0,0,0,0,0,0,0,-2,0,0,0,0,0,0,0,0]} 1. d4 d5 2. c4 c6 3. Nf3 Nf6 4. e3 Bf5 5. Nc3 e6 6. Nh4 Bg6 7. Be2 {D12: Slav Defence: 3 Nf3 Nf6 4 e3 Bf5} (7. Bd2 Nbd7 8. Nxg6 hxg6 9. c5 e5 10. b4 Be7 11. b5 O-O 12. Qa4 Re8 13. bxc6 bxc6 14. Be2 exd4 15. exd4 Nxc5 16. dxc5 {0-1 (25) Bluebaum,M (2631)-Vitiugov,N (2735) Karlsruhe/Baden-Baden 2018}) 7... Nbd7 8. g3 Be7 9. O-O O-O 10. Nxg6 hxg6 11. b3 {LiveBook: 15 Games} Qa5 12. Qc2 Rac8 13. Bb2 $146 (13. c5 {is more complex.} e5 14. b4 Qc7 15. f4 e4 16. Bd2) ({Predecessor:} 13. a3 dxc4 14. bxc4 e5 {0-1 (61) Ostmoe,G (2451)-Hole,O (2371) Norway 2012}) 13... Ba3 14. Bxa3 Qxa3 15. Rab1 Qe7 16. c5 e5 17. b4 Rfe8 18. Rfe1 Qe6 19. Qd2 Qh3 20. Bf1 Qh6 21. Bg2 exd4 22. Qxd4 a6 23. e4 dxe4 $1 24. Nxe4 Nxe4 25. Qxd7 Qd2 {The position is equal.} 26. Qxd2 Nxd2 27. Rbd1 {[#] Rxe8+ is the strong threat.} Rxe1+ 28. Rxe1 $11 {[%mdl 4096] Endgame KRB-KRN} Kf8 29. Rd1 Rd8 30. f4 Ke7 31. Re1+ Kf8 32. a4 Nb3 33. Rb1 Rd3 34. Bf1 Rc3 35. Rd1 Ke7 36. Re1+ {Precision: White = 53%, Black = 59%.} 1/2-1/2

[Event "ESP-ch Rapid 2018"]
[Site "Linares"]
[Date "2018.08.19"]
[Round "6"]
[White "Arizmendi Martinez, Julen Luis"]
[Black "Martin Rueda, Daniel"]
[Result "0-1"]
[WhiteElo "2507"]
[BlackElo "2267"]
[Annotator "TA"]
[PlyCount "84"]
[EventDate "2018.08.19"]
[EventType "team-tourn"]
[EventCountry "ESP"]
[SourceTitle "playchess.com"]
[Source "ChessBase"]
[SourceQuality "1"]

{[%evp 25,84,20,20,-15,23,-23,13,14,23,7,72,64,89,76,92,66,79,48,56,43,62,43,49,66,58,0,61,64,52,0,0,0,0,0,142,90,97,44,82,0,4,-115,-121,-161,-124,-2366,0,-29985,-29986,-29986,-29987,-29987,-12839,-29992,-29993,-29993,-29994,-29994,-29995,-29995,-29996]} 1. e4 c5 2. Nf3 d6 3. d4 cxd4 4. Nxd4 Nf6 5. Nc3 Nc6 6. Bg5 e6 7. Qd2 a6 8. O-O-O Bd7 9. f3 h6 10. Be3 b5 11. Nxc6 Bxc6 12. Ne2 Rc8 {B66: Sicilian: Richter-Rauzer: 7...a6 8 0-0-0 h6} (12... Qc7 13. h4 Nd7 14. Kb1 Be7 15. g4 Ne5 16. Nd4 Bb7 17. Rh3 Nc4 18. Bxc4 bxc4 19. Ne2 Rb8 20. Bd4 {1-0 (58) Leko,P (2731)-Kosteniuk,A (2541) Sochi 2014}) 13. Nd4 Bb7 {LiveBook: 10 Games} 14. g4 Nd7 {The position is equal.} 15. h4 Qc7 16. Kb1 {[#]} Ne5 $146 ({Predecessor:} 16... d5 17. a4 e5 18. exd5 exd4 19. Bxd4 Bxd5 20. Bd3 {1-0 (28) Mista,A (2532)-Grigoriants,S (2594) Dresden 2007}) 17. Be2 Nc4 (17... d5 $11) 18. Bxc4 $1 $16 Qxc4 19. Nb3 Qc7 20. Bd4 d5 21. e5 b4 22. f4 a5 23. f5 a4 24. Nc1 Ba6 25. Rh3 ({White should play} 25. Nd3 $14) 25... Bc5 (25... a3 $11) 26. Bxc5 $14 Qxc5 27. Nd3 (27. Rf3 $14) 27... Bxd3 $1 $11 28. Rxd3 O-O 29. f6 Rfd8 {[#]} (29... Rc7 $11) 30. fxg7 (30. g5 $142 $1) 30... Kxg7 $16 31. Rf3 (31. g5 $16) 31... a3 32. b3 (32. Rf6 $16 Rh8 33. g5 (33. Rdf1 Rc7 $14)) 32... d4 33. Rf6 (33. g5 $11 {remains equal.}) 33... Qxe5 $17 34. Qxh6+ Kg8 35. Rdf1 $2 {[%mdl 8192]} (35. Rf2 $17) 35... Rxc2 $2 $40 {[%mdl 128] Black has some attack.} (35... d3 $19 {[%csl Ga3][%cal Re5b2]} 36. Qg5+ Qxg5 37. hxg5 Rxc2) 36. Qg5+ $2 {[%mdl 8192] [#]} (36. Rg6+ $11 fxg6 37. Qxg6+ Kh8 38. Qh6+ Kg8 39. Qg6+ Kh8 40. Qh6+ Kg8 41. Qg6+) 36... Qxg5 37. hxg5 {[%mdl 4096] Endgame KRR-KRR} Rb2+ 38. Ka1 d3 (38... Rc8 $142 39. Rh1 Rcc2 40. Rg6+ Kf8 41. Rh8+ Ke7 42. Rxe6+ fxe6 43. Rh7+ Kd6 44. Rh1 Rxa2+ 45. Kb1 Rcb2+ 46. Kc1 Ra1#) 39. g6 d2 {Black mates.} 40. gxf7+ Kf8 41. Rd1 Rc8 42. Rff1 Rcc2 {Precision: White = 22%, Black = 36%.} 0-1

[Event "ESP-ch Rapid 2018"]
[Site "Linares"]
[Date "2018.08.19"]
[Round "6"]
[White "Cuenca Jimenez, Jose Fernando"]
[Black "Dominguez Alcon, Victor"]
[Result "0-1"]
[WhiteElo "2506"]
[BlackElo "2172"]
[Annotator "ChessBase"]
[PlyCount "88"]
[EventDate "2018.08.19"]
[EventType "team-tourn"]
[EventCountry "ESP"]
[SourceTitle "playchess.com"]
[Source "ChessBase"]
[SourceQuality "1"]
[TimeControl "900+5"]

1. Nf3 {[%emt 0:00:00]} Nf6 {[%emt 0:00:00]} 2. c4 {[%emt 0:00:00]} g6 {[%emt 0:00:00]} 3. d4 {[%emt 0:00:05]} Bg7 {[%emt 0:00:02]} 4. Nc3 {[%emt 0:00:01]} O-O {[%emt 0:00:03]} 5. e4 {[%emt 0:00:01]} d6 {[%emt 0:00:01]} 6. Be2 {[%emt 0:00:02]} e5 {[%emt 0:00:03]} 7. d5 {[%emt 0:00:02]} a5 {[%emt 0:00:05]} 8. Bg5 {[%emt 0:00:02]} Na6 {[%emt 0:00:25]} 9. Nd2 {[%emt 0:00:04]} Qe8 {[%emt 0:01:26]} 10. h4 {[%emt 0:00:43]} h6 {[%emt 0:01:36]} 11. Be3 {[%emt 0:00:04]} Nd7 {[%emt 0:00:43]} 12. g4 {[%emt 0:00:20]} Ndc5 {[%emt 0:01:33]} 13. g5 {[%emt 0:02:05]} h5 {[%emt 0:01:09]} 14. Nb3 {[%emt 0:00:53]} a4 {[%emt 0:01:02]} 15. Nxc5 {[%emt 0:00:10]} Nxc5 {[%emt 0:00:02]} 16. Qc2 {[%emt 0:00:08]} Bd7 {[%emt 0:01:22]} 17. Rg1 {[%emt 0:00:16]} c6 {[%emt 0:00:54]} 18. O-O-O {[%emt 0:00:18]} Qe7 {[%emt 0:00:53]} 19. Qd2 {[%emt 0:00:04]} Rfd8 {[%emt 0:00:23]} 20. Kb1 {[%emt 0:00:15]} a3 {[%emt 0:00:30]} 21. b3 {[%emt 0:00:15]} Rab8 {[%emt 0:00:20]} 22. f3 {[%emt 0:00:24]} b6 {[%emt 0:01:55]} 23. b4 {[%emt 0:00:43]} Na4 {[%emt 0:00:59]} 24. Nxa4 {[%emt 0:00:19]} cxd5 {[%emt 0:00:02]} 25. Nc3 {[%emt 0:00:27]} d4 {[%emt 0:00:14]} 26. Nd5 {[%emt 0:00:02]} Qe8 {[%emt 0:00:15]} 27. Bf2 {[%emt 0:00:10]} b5 {[%emt 0:00:07]} 28. Nf6+ {[%emt 0:01:26]} Bxf6 {[%emt 0:00:03]} 29. gxf6 {[%emt 0:00:01]} Qf8 {[%emt 0:00:14]} 30. c5 {[%emt 0:00:18]} dxc5 {[%emt 0:00:08]} 31. bxc5 {[%emt 0:00:01]} Qxc5 {[%emt 0:00:09]} 32. Ka1 {[%emt 0:01:00]} Be6 {[%emt 0:00:10]} 33. Rc1 {[%emt 0:00:13]} Qf8 {[%emt 0:00:20]} 34. Bd1 {[%emt 0:01:05]} Rdc8 {[%emt 0:00:04]} 35. Bb3 {[%emt 0:00:13]} Bxb3 {[%emt 0:00:10]} 36. axb3 {[%emt 0:00:03]} b4 {[%emt 0:00:07]} 37. f4 {[%emt 0:00:51]} Rc3 {[%emt 0:00:12]} 38. f5 {[%emt 0:00:25]} Kh7 {[%emt 0:00:02]} 39. Rxc3 {[%emt 0:03:56]} bxc3 {[%emt 0:00:01]} 40. Qc2 {[%emt 0:00:03]} Qb4 {[%emt 0:00:17]} 41. Rb1 {[%emt 0:00:41]} a2 {[%emt 0:00:01]} 42. Rf1 {[%emt 0:00:07]} d3 {[%emt 0:00:08]} 43. Qxa2 c2 {[%emt 0:00:14]} 44. Be3 {[%emt 0:00:11]} Qc3+ {[%emt 0:00:03]} 0-1

[Event "ESP-ch Rapid 2018"]
[Site "Linares"]
[Date "2018.08.19"]
[Round "6"]
[White "Moreno Trujillo, Alejandro"]
[Black "Santos Latasa, Jaime"]
[Result "0-1"]
[WhiteElo "2497"]
[BlackElo "2582"]
[Annotator "ChessBase"]
[PlyCount "186"]
[EventDate "2018.08.19"]
[EventType "team-tourn"]
[EventCountry "ESP"]
[SourceTitle "playchess.com"]
[Source "ChessBase"]
[SourceQuality "1"]
[TimeControl "900+5"]

1. d4 {[%emt 0:00:00]} Nf6 {[%emt 0:00:00]} 2. c4 {[%emt 0:00:00]} e6 {[%emt 0:00:00]} 3. Nc3 {[%emt 0:00:00]} Bb4 {[%emt 0:00:00]} 4. Qc2 {[%emt 0:00:03]} O-O {[%emt 0:00:02]} 5. Nf3 {[%emt 0:00:02]} d6 {[%emt 0:00:02]} 6. Bg5 {[%emt 0:00:33]} h6 {[%emt 0:00:06]} 7. Bh4 {[%emt 0:00:02]} b6 {[%emt 0:00:12]} 8. e4 {[%emt 0:00:27]} e5 {[%emt 0:00:12]} 9. Bd3 {[%emt 0:00:58]} Re8 {[%emt 0:01:00]} 10. O-O-O {[%emt 0:02:29]} Bxc3 {[%emt 0:00:11]} 11. Qxc3 {[%emt 0:00:13]} Bg4 {[%emt 0:00:09]} 12. h3 {[%emt 0:00:43]} Bxf3 {[%emt 0:00:17]} 13. gxf3 {[%emt 0:00:01]} Nc6 {[%emt 0:00:07]} 14. dxe5 {[%emt 0:01:16]} Nxe5 {[%emt 0:00:37]} 15. f4 {[%emt 0:01:09]} Ng6 {[%emt 0:00:04]} 16. Bxf6 {[%emt 0:00:39]} Qxf6 {[%emt 0:00:01]} 17. Qxf6 {[%emt 0:00:05]} gxf6 {[%emt 0:00:02]} 18. Rhg1 {[%emt 0:00:15]} Kh8 {[%emt 0:00:13]} 19. f5 {[%emt 0:00:11]} Ne5 {[%emt 0:00:08]} 20. Be2 {[%emt 0:00:28]} Rg8 {[%emt 0:00:11]} 21. Kd2 {[%emt 0:00:08]} Rae8 {[%emt 0:00:23]} 22. Ke3 {[%emt 0:00:33]} Nd7 {[%emt 0:00:12]} 23. Rg4 {[%emt 0:00:31]} Nc5 {[%emt 0:00:26]} 24. f3 {[%emt 0:00:09]} a5 {[%emt 0:00:04]} 25. Kd4 {[%emt 0:00:22]} Re5 {[%emt 0:00:39]} 26. Rxg8+ {[%emt 0:00:12]} Kxg8 {[%emt 0:00:02]} 27. Rg1+ {[%emt 0:00:04]} Kf8 {[%emt 0:00:02]} 28. Bd1 {[%emt 0:00:08]} c6 {[%emt 0:00:40]} 29. Bc2 {[%emt 0:00:08]} Re8 {[%emt 0:00:16]} 30. b3 {[%emt 0:00:29]} Na6 {[%emt 0:00:11]} 31. a3 {[%emt 0:00:04]} c5+ {[%emt 0:00:24]} 32. Ke3 {[%emt 0:00:09]} Nb8 {[%emt 0:00:05]} 33. b4 {[%emt 0:00:12]} axb4 {[%emt 0:00:40]} 34. axb4 {[%emt 0:00:01]} Na6 {[%emt 0:00:00]} 35. Ba4 {[%emt 0:00:42]} Rb8 {[%emt 0:00:20]} 36. bxc5 {[%emt 0:00:08]} bxc5 {[%emt 0:00:03]} 37. Bc6 {[%emt 0:00:48]} Rb3+ {[%emt 0:00:37]} 38. Ke2 {[%emt 0:00:24]} Nb4 {[%emt 0:00:03]} 39. Bd5 {[%emt 0:00:03]} Rb2+ {[%emt 0:00:09]} 40. Ke3 {[%emt 0:00:07]} Rb3+ {[%emt 0:00:52]} 41. Ke2 {[%emt 0:00:01]} Nc2 {[%emt 0:00:22]} 42. Rg3 {[%emt 0:00:29]} Nd4+ {[%emt 0:00:18]} 43. Kf2 {[%emt 0:00:01]} Rb2+ {[%emt 0:00:01]} 44. Kf1 {[%emt 0:00:08]} Ra2 {[%emt 0:01:32]} 45. f4 {[%emt 0:00:08]} h5 {[%emt 0:00:03]} 46. h4 {[%emt 0:00:07]} Nc2 {[%emt 0:01:13]} 47. Rb3 {[%emt 0:00:44]} Nb4 {[%emt 0:00:01]} 48. Kg1 {[%emt 0:00:12]} Re2 {[%emt 0:00:32]} 49. Ra3 {[%emt 0:00:18]} Nxd5 {[%emt 0:00:02]} 50. exd5 {[%emt 0:00:01]} Re4 {[%emt 0:00:01]} 51. Ra6 {[%emt 0:00:10]} Rxf4 {[%emt 0:00:30]} 52. Rxd6 {[%emt 0:00:01]} Rxh4 {[%emt 0:00:06]} 53. Rxf6 {[%emt 0:00:06]} Rxc4 {[%emt 0:00:03]} 54. Rc6 {[%emt 0:00:26]} Rc2 {[%emt 0:00:37]} 55. f6 {[%emt 0:00:02]} Kg8 {[%emt 0:00:04]} 56. Rc7 {[%emt 0:00:03]} c4 {[%emt 0:00:08]} 57. d6 {[%emt 0:00:03]} Rd2 {[%emt 0:00:16]} 58. Rxc4 {[%emt 0:00:26]} Kh7 {[%emt 0:00:34]} 59. Rc6 {[%emt 0:00:01]} Kg6 {[%emt 0:00:05]} 60. Kf1 {[%emt 0:00:01]} Kxf6 {[%emt 0:00:14]} 61. Ke1 {[%emt 0:00:08]} Rd5 {[%emt 0:00:26]} 62. Kf2 {[%emt 0:00:08]} Ke6 {[%emt 0:00:04]} 63. d7+ {[%emt 0:00:12]} Kxd7 {[%emt 0:00:03]} 64. Rh6 {[%emt 0:00:01]} Ke7 {[%emt 0:00:06]} 65. Kf3 {[%emt 0:00:01]} Kf8 {[%emt 0:00:05]} 66. Kf4 {[%emt 0:00:06]} Kg7 {[%emt 0:00:04]} 67. Ra6 {[%emt 0:00:02]} f6 {[%emt 0:00:05]} 68. Ra8 {[%emt 0:00:03]} Rb5 {[%emt 0:00:07]} 69. Rc8 {[%emt 0:00:03]} Kf7 {[%emt 0:00:24]} 70. Ra8 {[%emt 0:00:03]} Rd5 {[%emt 0:00:03]} 71. Rb8 {[%emt 0:00:01]} Ke6 {[%emt 0:00:03]} 72. Re8+ {[%emt 0:00:09]} Kf7 {[%emt 0:00:01]} 73. Ra8 {[%emt 0:00:00]} Kg7 {[%emt 0:00:03]} 74. Rb8 {[%emt 0:00:02]} Ra5 {[%emt 0:00:01]} 75. Rc8 {[%emt 0:00:01]} Ra4+ {[%emt 0:00:06]} 76. Kf5 {[%emt 0:00:12]} h4 {[%emt 0:00:01]} 77. Rc7+ {[%emt 0:00:07]} Kh6 {[%emt 0:00:01]} 78. Kxf6 {[%emt 0:00:03]} Rf4+ {[%emt 0:00:07]} 79. Ke5 {[%emt 0:00:01]} Rf1 {[%emt 0:00:06]} 80. Rc8 {[%emt 0:00:05]} Kg5 {[%emt 0:00:06]} 81. Rg8+ {[%emt 0:00:02]} Kh5 {[%emt 0:00:01]} 82. Ke4 {[%emt 0:00:01]} h3 {[%emt 0:00:07]} 83. Rh8+ {[%emt 0:00:05]} Kg4 {[%emt 0:00:01]} 84. Rg8+ {[%emt 0:00:01]} Kh4 {[%emt 0:00:01]} 85. Ke3 {[%emt 0:00:08]} h2 {[%emt 0:00:26]} 86. Rh8+ {[%emt 0:00:01]} Kg3 {[%emt 0:00:01]} 87. Rg8+ {[%emt 0:00:01]} Kh3 {[%emt 0:00:02]} 88. Rh8+ {[%emt 0:00:01]} Kg2 {[%emt 0:00:01]} 89. Rg8+ {[%emt 0:00:01]} Kh1 {[%emt 0:00:01]} 90. Ke2 {[%emt 0:00:01]} Rg1 {[%emt 0:00:02]} 91. Rh8 {[%emt 0:00:33]} Kg2 {[%emt 0:00:13]} 92. Rg8+ {[%emt 0:00:05]} Kh3 {[%emt 0:00:05]} 93. Rh8+ {[%emt 0:00:02]} Kg3 {[%emt 0:00:00]} 0-1

[Event "ESP-ch Rapid 2018"]
[Site "Linares"]
[Date "2018.08.19"]
[Round "6"]
[White "Espinosa Aranda, Angel"]
[Black "Centron Antuna, Daniel"]
[Result "1-0"]
[WhiteElo "2451"]
[BlackElo "2231"]
[Annotator "TA"]
[PlyCount "65"]
[EventDate "2018.08.19"]
[EventType "team-tourn"]
[EventCountry "ESP"]
[SourceTitle "playchess.com"]
[Source "ChessBase"]
[SourceQuality "1"]

{[%evp 9,65,37,44,39,40,50,35,0,2,-14,11,-14,0,0,0,0,0,0,0,0,0,-72,-65,-34,54,50,90,103,266,267,205,157,464,233,441,454,445,434,448,442,436,391,411,430,1961,1529,1947,1951,29976,29972,5314,903,773,537,2075,1375,1233,1183]} 1. d4 f5 2. Nc3 Nf6 3. Bg5 d5 4. e3 Nbd7 (4... Be6 5. Nf3 c6 6. Bd3 Nbd7 7. Ne2 g6 8. O-O Bg7 9. Rc1 Ne4 10. c4 h6 11. Bf4 g5 12. cxd5 Bxd5 {½-½ (60) Aronian,L (2789)-Nepomniachtchi,I (2751) chess.com INT 2017}) 5. Nge2 h6 6. Nf4 {A80: Dutch Defence: Unusual White second moves} Kf7 ({Wrong is} 6... hxg5 $2 7. Ne6 $18) 7. Bxf6 $1 Nxf6 8. Qf3 $146 {[%cal Rc3d5] White is slightly better.} ({Predecessor:} 8. Bd3 e6 9. h3 c5 10. Be2 g6 11. Nd3 cxd4 12. Ne5+ {½-½ (49) Moehring,G (2400)-Siroky,M Prague 1979}) 8... e6 9. h3 Bd6 10. Bd3 c6 (10... g5 $5 11. Nh5 $8 Bd7 $15) 11. g4 e5 12. dxe5 fxg4 13. hxg4 Bxg4 14. e6+ Kg8 15. Qg3 (15. Bg6 $1 $11) 15... g5 $17 16. f3 gxf4 (16... d4 $15 17. Ne4 dxe3) 17. exf4 $14 {Black must now prevent 0-0-0.} Qc7 {[#]} 18. Ne2 $1 {0-0-0 is the strong threat.} Qb6 $2 (18... Re8 $16 {is a better defense.}) 19. fxg4 $18 Qxb2 20. Rd1 Ne8 $2 (20... Ne4 $16 {is tougher.} 21. Bxe4 Qb4+ 22. Nc3 dxe4) 21. g5 (21. c3 $142) 21... hxg5 $2 (21... Qg7 {was called for.} 22. gxh6 Qxg3+ 23. Nxg3 Nc7 24. h7+ Kf8 25. e7+ Kf7) 22. Qxg5+ Qg7 23. Rxh8+ Kxh8 24. Qh4+ Kg8 25. Kd2 {[#] White threatens Rg1 and mate.} Bc5 26. Rh1 {[%cal Bd1h1,Bh1h6,Bh6g6][%mdl 32]} Qf6 (26... Kf8 $142 27. Rh3 Be7) 27. Qh7+ Kf8 28. Rh6 Bb4+ 29. c3 Bxc3+ 30. Kc2 (30. Nxc3 $142 Qg7 31. Qf5+ Ke7 32. Rh7 Qxh7 33. Qxh7+ Kxe6 34. Qxb7) 30... Qg7 31. Nxc3 {Hoping for Qf5+.} Nf6 32. Qxg7+ Kxg7 33. Rg6+ {Precision: White = 58%, Black = 25%.} 1-0

[Event "ESP-ch Rapid 2018"]
[Site "Linares"]
[Date "2018.08.19"]
[Round "6"]
[White "Espinosa Aranda, Angel"]
[Black "Santos Ruiz, Miguel"]
[Result "0-1"]
[WhiteElo "2451"]
[BlackElo "2517"]
[Annotator "ChessBase"]
[PlyCount "66"]
[EventDate "2018.08.19"]
[EventType "team-tourn"]
[EventCountry "ESP"]
[SourceTitle "playchess.com"]
[Source "ChessBase"]
[SourceQuality "1"]
[TimeControl "900+5"]

1. e4 {[%emt 0:00:00]} c5 {[%emt 0:00:00]} 2. Nf3 {[%emt 0:00:00]} d6 {[%emt 0:00:00]} 3. Nc3 {[%emt 0:00:00]} Nf6 {[%emt 0:00:08]} 4. e5 {[%emt 0:00:00]} dxe5 {[%emt 0:00:01]} 5. Nxe5 {[%emt 0:00:00]} a6 {[%emt 0:00:02]} 6. g3 {[%emt 0:00:10]} Qd6 {[%emt 0:00:03]} 7. Qe2 {[%emt 0:00:24]} Nc6 {[%emt 0:00:01]} 8. Nc4 {[%emt 0:00:24]} Qc7 {[%emt 0:00:13]} 9. Bg2 {[%emt 0:00:25]} Nd4 {[%emt 0:01:41]} 10. Qd1 {[%emt 0:00:01]} Bg4 {[%emt 0:00:04]} 11. f3 {[%emt 0:00:03]} Be6 {[%emt 0:00:02]} 12. Ne3 {[%emt 0:00:07]} g6 {[%emt 0:00:19]} 13. O-O {[%emt 0:00:17]} Bg7 {[%emt 0:00:01]} 14. d3 {[%emt 0:00:04]} O-O {[%emt 0:00:05]} 15. Ne4 {[%emt 0:00:04]} Rfd8 {[%emt 0:00:27]} 16. c3 {[%emt 0:00:03]} Nb5 {[%emt 0:01:36]} 17. Qe2 {[%emt 0:00:08]} Rac8 {[%emt 0:00:18]} 18. Nc4 {[%emt 0:02:08]} Nxe4 {[%emt 0:03:08]} 19. dxe4 {[%emt 0:00:13]} Nd6 {[%emt 0:00:11]} 20. Ne3 {[%emt 0:00:44]} b5 {[%emt 0:00:04]} 21. f4 {[%emt 0:00:10]} Nc4 {[%emt 0:00:10]} 22. Nd5 {[%emt 0:01:05]} Bxd5 {[%emt 0:00:07]} 23. exd5 {[%emt 0:00:02]} Qd7 {[%emt 0:01:57]} 24. a4 {[%emt 0:02:53]} Nb6 {[%emt 0:00:21]} 25. axb5 {[%emt 0:00:12]} axb5 {[%emt 0:00:02]} 26. Ra5 {[%emt 0:01:56]} c4 {[%emt 0:00:51]} 27. Rd1 {[%emt 0:00:02]} Na4 {[%emt 0:00:52]} 28. Be3 {[%emt 0:00:27]} b4 {[%emt 0:00:15]} 29. Ra7 {[%emt 0:02:02]} Qb5 {[%emt 0:01:01]} 30. Bd4 {[%emt 0:00:22]} Bxd4+ {[%emt 0:00:46]} 31. Rxd4 {[%emt 0:00:09]} bxc3 {[%emt 0:00:03]} 32. Qxe7 {[%emt 0:00:16]} Rf8 {[%emt 0:00:01]} 33. Rb7 {[%emt 0:01:14]} Qxb7 {[%emt 0:00:05]} 0-1

[Event "ESP-ch Rapid 2018"]
[Site "Linares"]
[Date "2018.08.19"]
[Round "6"]
[White "Huerga Leache, Mikel"]
[Black "Anton Guijarro, David"]
[Result "0-1"]
[WhiteElo "2451"]
[BlackElo "2652"]
[Annotator "TA"]
[PlyCount "114"]
[EventDate "2018.08.19"]
[EventType "team-tourn"]
[EventCountry "ESP"]
[SourceTitle "playchess.com"]
[Source "ChessBase"]
[SourceQuality "1"]

{[%evp 11,114,46,37,37,52,52,64,56,64,49,73,29,68,13,45,46,54,38,50,47,85,70,66,22,32,-22,58,49,83,-49,-48,-49,-52,-39,-37,-54,0,0,0,0,0,0,0,0,0,-48,-33,-81,-76,-74,-92,-84,-85,-86,-37,-138,-146,-157,-145,-143,-131,-250,-287,-279,-273,-476,-521,-548,-548,-671,-664,-648,-594,-508,-464,-460,-437,-446,-435,-1370,-1356,-1672,-1666,-1320,-1042,-2319,-2317,-2310,-1318,-2059,-2046,-1905,-1656,-29973,-29974,-29972,-29973,-29972,-29973,-29973,-29974,-29974,-29971,-29973,-29969]} 1. Nf3 {Finkel,A} Nf6 2. d4 d6 3. g3 Nc6 4. Bg2 e5 5. dxe5 dxe5 6. Qxd8+ Kxd8 7. Bg5 $146 {A45: Trompowsky Attack} ({Predecessor:} 7. O-O Bf5 8. c4 Bxb1 9. Rxb1 a5 10. a3 Nd7 11. Be3 f6 12. Rfd1 Ke8 13. Rd5 Rd8 14. Rbd1 Ndb8 {1-0 (44) Zvjaginsev,V (2641)-Varavin,V (2410) Samara 2000 CBM 078 [Finkel,A]}) 7... Bd6 8. Nc3 Be6 9. O-O-O {White is slightly better.} Ke8 10. Nb5 Ke7 11. Kb1 h6 12. Bc1 (12. Bxf6+ $14 gxf6 13. Nxd6 cxd6 14. Nh4) 12... Ng4 13. Rhf1 Rad8 14. h3 $1 {[%cal Rh3g4]} Nf6 15. b3 Rd7 16. Nxd6 cxd6 17. Ba3 Rc8 18. g4 (18. Ne1 $14) 18... a5 (18... Nd5 $11) 19. Ne1 $14 Nd4 20. Rd2 (20. f4 $1 $16 {[%cal Rf4e5]} Nxe2 21. Rxd6 $1 {[%mdl 512]} (21. fxe5 Nc3+ 22. Kc1 Ne8 $14) 21... Nxf4 22. Rxd7+ Kxd7 23. Bxb7) 20... Nb5 $15 21. Bb2 Nc3+ 22. Bxc3 Rxc3 23. Kb2 Rc8 (23... Rdc7 $15) 24. f4 $11 exf4 25. Rxf4 g5 26. Ra4 b6 27. Nf3 Rc5 28. Nd4 Rdc7 29. e4 Bd7 $36 {[%mdl 2048] White is under strong pressure.} 30. Nf5+ Rxf5 $1 31. exf5 Bxa4 32. bxa4 $17 {[%mdl 4096] Endgame KRB-KRN} Rc4 33. Bf1 ({White should play} 33. Rd3 $15) 33... Rb4+ 34. Ka3 Ne4 35. Rd3 d5 36. Rb3 {[#]} (36. c4 $17) 36... Rxb3+ $1 $19 37. axb3 {KB-KN} Kd6 38. c4 $2 (38. Bb5 Ke5 39. b4) 38... Nd2 39. Be2 dxc4 40. Kb2 cxb3 41. Kc3 Ne4+ 42. Kxb3 Kc5 43. Bd3 Nd6 44. Kc3 f6 45. Bc2 (45. Bf1 $142 Nc8 46. Bg2) 45... b5 46. axb5 Nxb5+ 47. Kd3 Nc7 48. Bd1 Nd5 49. Ba4 Nf4+ 50. Ke4 Nxh3 51. Be8 Nf4 52. Bd7 Kb4 {Black mates.} 53. Kd4 a4 {[%cal Ba5a4,Ba4a3][%mdl 32]} 54. Be6 h5 55. gxh5 Nxh5 56. Kd5 a3 57. Kd4 Ng7 {Precision: White = 32%, Black = 68%.} 0-1

[Event "ESP-ch Rapid 2018"]
[Site "Linares"]
[Date "2018.08.19"]
[Round "6"]
[White "Cruz Lledo, Pablo"]
[Black "Ljubojevic, Ljubomir"]
[Result "1-0"]
[WhiteElo "2432"]
[BlackElo "2571"]
[Annotator "ChessBase"]
[PlyCount "95"]
[EventDate "2018.08.19"]
[EventType "team-tourn"]
[EventCountry "ESP"]
[SourceTitle "playchess.com"]
[Source "ChessBase"]
[SourceQuality "1"]
[TimeControl "900+5"]

1. d4 {[%emt 0:00:00]} Nf6 {[%emt 0:00:00]} 2. c4 {[%emt 0:00:00]} e6 {[%emt 0:00:00]} 3. Nc3 {[%emt 0:00:01]} Bb4 {[%emt 0:00:04]} 4. e3 {[%emt 0:00:02]} O-O {[%emt 0:00:08]} 5. Bd3 {[%emt 0:00:02]} d5 {[%emt 0:00:02]} 6. cxd5 {[%emt 0:00:02]} exd5 {[%emt 0:00:04]} 7. Nge2 {[%emt 0:00:07]} Re8 {[%emt 0:00:08]} 8. O-O {[%emt 0:00:06]} Bd6 {[%emt 0:00:15]} 9. Ng3 {[%emt 0:00:10]} c5 {[%emt 0:00:14]} 10. Nb5 {[%emt 0:00:20]} Bf8 {[%emt 0:00:04]} 11. dxc5 {[%emt 0:00:19]} Nc6 {[%emt 0:00:09]} 12. Nd6 {[%emt 0:00:46]} Bxd6 {[%emt 0:00:02]} 13. cxd6 {[%emt 0:00:01]} Qxd6 {[%emt 0:00:01]} 14. b3 {[%emt 0:00:18]} Bg4 {[%emt 0:00:22]} 15. Qd2 {[%emt 0:00:28]} Rad8 {[%emt 0:00:42]} 16. f3 {[%emt 0:00:37]} Bc8 {[%emt 0:00:06]} 17. Bb2 {[%emt 0:00:05]} Qb4 {[%emt 0:01:00]} 18. Qf2 {[%emt 0:00:10]} Ne5 {[%emt 0:00:12]} 19. Rad1 {[%emt 0:00:19]} Qa5 {[%emt 0:00:16]} 20. a3 {[%emt 0:00:31]} Qb6 {[%emt 0:00:07]} 21. b4 {[%emt 0:00:03]} Bd7 {[%emt 0:01:26]} 22. Bd4 {[%emt 0:00:02]} Qc7 {[%emt 0:00:02]} 23. Rfe1 {[%emt 0:01:21]} Qd6 {[%emt 0:00:42]} 24. Bb1 {[%emt 0:00:55]} Qa6 {[%emt 0:00:18]} 25. Bb2 {[%emt 0:00:47]} Ba4 {[%emt 0:00:45]} 26. Rc1 {[%emt 0:00:06]} Bb5 {[%emt 0:00:22]} 27. Nf5 {[%emt 0:00:15]} Bd3 {[%emt 0:00:02]} 28. Nxg7 {[%emt 0:00:55]} Nfg4 {[%emt 0:03:02]} 29. Qg3 {[%emt 0:00:40]} Kxg7 {[%emt 0:01:58]} 30. Qxg4+ {[%emt 0:00:19]} Kf8 {[%emt 0:01:04]} 31. Bxe5 {[%emt 0:00:03]} Rxe5 {[%emt 0:00:01]} 32. Qd4 {[%emt 0:00:06]} Bxb1 {[%emt 0:00:06]} 33. Qxe5 {[%emt 0:00:02]} Bg6 {[%emt 0:00:05]} 34. Qh8+ {[%emt 0:01:01]} Ke7 {[%emt 0:00:01]} 35. Rc7+ {[%emt 0:00:03]} Rd7 {[%emt 0:00:01]} 36. Qe5+ {[%emt 0:00:11]} Qe6 {[%emt 0:00:26]} 37. Rxd7+ {[%emt 0:00:11]} Kxd7 {[%emt 0:00:01]} 38. Qxe6+ {[%emt 0:00:16]} fxe6 {[%emt 0:00:01]} 39. Rc1 {[%emt 0:00:08]} Bd3 {[%emt 0:00:10]} 40. Kf2 {[%emt 0:00:07]} Bc4 {[%emt 0:00:03]} 41. e4 {[%emt 0:00:11]} Kc6 {[%emt 0:00:00]} 42. Ke3 Kb5 43. Kd4 {[%emt 0:00:22]} Ka4 {[%emt 0:00:01]} 44. Rxc4 {[%emt 0:00:22]} dxc4 {[%emt 0:00:01]} 45. Kxc4 {[%emt 0:00:02]} Kxa3 {[%emt 0:00:02]} 46. f4 {[%emt 0:00:02]} Ka4 {[%emt 0:00:10]} 47. f5 {[%emt 0:00:02]} b5+ {[%emt 0:00:03]} 48. Kc3 {[%emt 0:00:01]} 1-0